A raposa (Registo nº 4187)
[ vista simples ]
| 000 -Etiqueta do registo | |
|---|---|
| Cabeçalho | 00753nam a2200277 4500 |
| 005 - Identificador da versão | |
| Campo de controlo | 20240813122054.0 |
| 010 ## - Número internacional normalizado dos livros (ISBN) | |
| Número (ISBN) | 9722615726 |
| 021 ## - Número do Depósito Legal | |
| Código do país | PT |
| Número | 131248-99 |
| 100 ## - Dados gerais de processamento | |
| Dados gerais de processamento | 20090122d1999 a y0pory5003 ba |
| 102 ## - Pais de publicação ou produção | |
| País de publicação | Portugal |
| 101 1# - Língua de publicação | |
| Língua do texto, banda sonora, etc. | Português |
| Língua do documento no original | Francês |
| 215 ## - Descrição física | |
| Indicação específica da natureza do documento e extensão da espécie | [18] p. |
| Outras indicações físicas | il. |
| Dimensões | 22 cm |
| 200 1# - Titulo e menção de responsabilidade | |
| Título próprio | A raposa |
| Primeira menção de responsabilidade | Marie Duval |
| Outras menções de responsabilidade | il. Pierre Couronne; trad. Ana Rita Viana |
| 225 1# - Colecção | |
| Título próprio da colecção | Conhecer |
| 210 ## - Publicação, Distribuição, etc. | |
| Lugar da edição, distribuição, etc. | Porto |
| Nome do editor, distribuidor, etc. | Civilização |
| Data da publicação, distribuição, etc. | D. L. 1999 |
| 304 ## - Notas relativas a título e menção de responsabilidade | |
| Texto da nota | Tít. orig.: Petit renard |
| 517 1# - Outras variantes do título | |
| Variant Title | Petit renard |
| 675 ## - Classificação Decimal Universal (CDU) | |
| Notação | 59 |
| Edição | BN |
| Língua da edição | por |
| 702 #1 - Nome de autor-pessoa física (responsabilidade secundária) | |
| Número de registo de entrada de autoridade | 0000832 |
| Palavra de ordem | Couronne |
| Outra parte do nome não tomada para palavra de ordem | Pierre |
| Código de função | Ilustrador / Técnico de desenho computorizado |
| Número de registo de entrada de autoridade | 0000833 |
| Palavra de ordem | Viana |
| Outra parte do nome não tomada para palavra de ordem | Ana Rita |
| Código de função | Tradutor |
| 700 #1 - Nome de autor-pessoa física (responsabilidade principal) | |
| Número de registo de entrada de autoridade | 0000831 |
| Palavra de ordem | Duval |
| Outra parte do nome não tomada para palavra de ordem | Marie |
| 942 ## - Elementos de entrada adicionados (Koha) | |
| Tipo de item no Koha | Livro |
| Situação do levantamento | Origin of item (home branch) (coded) | Biblioteca de empréstimo | Código de barras | Cota | Circulation type (not for loan) | Tipo de documento | Nota do exemplar | Damaged status |
|---|---|---|---|---|---|---|---|---|
| Biblioteca Escolar das Vendas | Biblioteca Escolar das Vendas | BEV83 | 8EST DUV | Livro | Sem mensagem | |||
| Biblioteca Escolar das Vendas | Biblioteca Escolar das Vendas | BEV84 | 8EST DUV | Livro | Sem mensagem |
